Maisons de production des groupes de Kpop - Statistiques

Statistiques générales
  • Ce quiz a été pris 313 fois
  • Le résultat moyen est 8 sur 15
Statistiques - réponses
Hint Réponse % Correct
Itzy JYP
91%
Blackpink YG
91%
Red Velvet SM
90%
NCT127 SM
90%
BTS Big Hit
79%
(G)I-DLE Cube
74%
NewJeans Ador
59%
IVE Starship
56%
Seventeen Pledis
46%
Ateez KQ
45%
Le Sserafim Source Music
30%
Enhypen Belift lab
20%
Weeekly IST
6%
Pixy Allart
4%
Fifty Fifty Attract
1%
Aucun quiz correspondant
Distribution des résultats
% des personnes avec chaque résultat
Percentile par nombre de réponses
Votre historique - résultats
Vous n’avez pas pris ce quiz